000
00230nam a22000857a 4500
008
170112b xxu||||| |||| 00| 0 eng d
100
_9
2365
_a
Asian Publication
245
_a
Explore: G. K -5
260
_a
New Delhi
_b
Asian Publication
_c
2007
999
_c
5337
_d
5337